Charakterizácia profilu organických zlúčenín vo vzorkách čerešňových a višňových medov

Salvato in:
Dettagli Bibliografici
Autore principale: Paľová, Barbora (Autore)
Altri autori: Špánik, Ivan (Relatore della tesi)
Natura: Manoscritto Libro
Lingua:slovacco
Pubblicazione: 2024
Soggetti:
Accesso online:http://is.stuba.sk/zp/portal_zp.pl?podrobnosti=176587
Tags: Aggiungi Tag
Nessun Tag, puoi essere il primo ad aggiungerne!!

MARC

LEADER 00000ntm a22000003a 4500
001 stuzp99297
003 SK-STU
005 20240601210608.8
007 ta
008 150427s2015----xo-----f-mn---000-0-slo-d
040 |a STU  |b slo 
041 0 |a slo 
100 1 |a Paľová, Barbora  |u 041000  |4 aut  |U FCHPT Fakulta chemickej a potravinárskej technológie  |T FCHPT Ústav analytickej chémie  |X 121753  |U C1000  |Y 99  |7 121753 
242 0 1 |a Characterization of the profile of organic compounds in cherry and sour cherry honey samples  |y eng 
245 1 0 |a Charakterizácia profilu organických zlúčenín vo vzorkách čerešňových a višňových medov 
260 |c 2024 
650 4 |a prchavé organické zlúčeniny  |2 slo 
650 4 |a chirálne zlúčeniny  |2 slo 
650 4 |a heart-cut GC  |2 slo 
650 4 |a botanický a geografický pôvod  |2 slo 
650 4 |a medy  |2 slo 
650 4 |a volalite organic compounds  |2 eng 
650 4 |a chiral compounds  |2 eng 
650 4 |a heart-cut GC  |2 eng 
650 4 |a botanical and geographical origin  |2 eng 
650 4 |a honey  |2 eng 
700 1 |a Špánik, Ivan  |u 041000  |k Z1  |4 ths  |U FCHPT Fakulta chemickej a potravinárskej technológie  |T FCHPT Ústav analytickej chémie  |X 3910  |U C1000  |Y 99  |7 A000003910 
856 4 |u http://is.stuba.sk/zp/portal_zp.pl?podrobnosti=176587